UBT Library

Globalization and the sustainability of cities in the Asia Pacific region / (Record no. 441)

000 -LEADER
fixed length control field 00681nam a22002057a 4500
005 - DATE AND TIME OF LATEST TRANSACTION
control field 20140429083156.0
008 - FIXED-LENGTH DATA ELEMENTS--GENERAL INFORMATION
fixed length control field 010710s2001 ja ab b i001 0 eng
020 ## - INTERNATIONAL STANDARD BOOK NUMBER
International Standard Book Number 928081060X
024 #0 - OTHER STANDARD IDENTIFIER
Terms of availability eng
080 ## - UNIVERSAL DECIMAL CLASSIFICATION NUMBER
Universal Decimal Classification number 504.6
Common auxiliary subdivision (5)
245 00 - TITLE STATEMENT
Title Globalization and the sustainability of cities in the Asia Pacific region /
Statement of responsibility, etc edited by Fu-chen Lo and Peter J. Marcotullio.
260 ## -
-- Tokyo ;
-- New York :
-- United Nations University Press,
-- 2001.
300 ## -
-- 505 f. :
-- ill., maps ;
-- 23 cm.
504 ## - BIBLIOGRAPHY, ETC. NOTE
Bibliography, etc Includes bibliographical references and index f.491-505
650 #0 -
-- Mjedisi
650 #0 -
-- Mbrojtja
700 1# -
-- Lo, Fu-chen.
700 1# -
-- Marcotullio, Peter,
942 ## - ADDED ENTRY ELEMENTS (KOHA)
Source of classification or shelving scheme
Item type Books
Holdings
Withdrawn status Lost status Source of classification or shelving scheme Damaged status Not for loan Collection code Permanent location Current location Shelving location Date acquired Total Checkouts Full call number Barcode Date last seen Koha item type
          Koleksioni i përgjithshem UBT - Ferizaj UBT - Ferizaj Koleksioni i përgjithshem 04/29/2014   504.6(5) GLO 003000331 04/29/2014 Books
          Koleksioni i përgjithshem UBT - Ferizaj UBT - Ferizaj Koleksioni i përgjithshem 04/29/2014   504.6(5) GLO 003000332 04/29/2014 Books
          Koleksioni i përgjithshem UBT - Ferizaj UBT - Ferizaj Koleksioni i përgjithshem 04/29/2014   504.6(5) GLO 003000333 04/29/2014 Books
          Koleksioni i përgjithshem UBT - Ferizaj UBT - Ferizaj Koleksioni i përgjithshem 04/29/2014   504.6(5) GLO 003000334 04/29/2014 Books
          Koleksioni i përgjithshem UBT - Ferizaj UBT - Ferizaj Koleksioni i përgjithshem 04/29/2014   504.6(5) GLO 003000335 04/29/2014 Books
          Koleksioni i përgjithshem UBT - Ferizaj UBT - Ferizaj Koleksioni i përgjithshem 04/29/2014   504.6(5) GLO 003000336 04/29/2014 Books
          Koleksioni i përgjithshem UBT - Ferizaj UBT - Ferizaj Koleksioni i përgjithshem 04/29/2014   504.6(5) GLO 003000337 04/29/2014 Books
          Koleksioni i përgjithshem UBT - Ferizaj UBT - Ferizaj Koleksioni i përgjithshem 04/29/2014   504.6(5) GLO 003000338 04/29/2014 Books
          Koleksioni i përgjithshem UBT - Ferizaj UBT - Ferizaj Koleksioni i përgjithshem 04/29/2014   504.6(5) GLO 003000339 04/29/2014 Books
          Koleksioni i përgjithshem UBT - Ferizaj UBT - Ferizaj Koleksioni i përgjithshem 04/29/2014   504.6(5) GLO 003000340 04/29/2014 Books
UBT Library © 2015-2024. All rights reserved University Education for Business and Technology